| 000 | 00465nam a2200121Ia 4500 | ||
|---|---|---|---|
| 008 | 220616s9999||||xx |||||||||||||| ||und|| | ||
| 100 | _aShulman, Frank | ||
| 245 | 0 |
_aDoctoral Dissertations on South Asia, 1966–1970 _bAn Annotated Bibliography Covering North America, Europe, and Australia |
|
| 546 | _aEnglish[eng] | ||
| 650 | _aSociology and anthropology | ||
| 856 | _uhttps://library.oapen.org/bitstream/20.500.12657/41864/1/9780472902323.pdf | ||
| 942 | _cEB | ||
| 999 |
_c19280 _d19280 |
||